Solenne celebrazione eucaristica (Record n. 37861)

Dettagli MARC
000 -LEADER
fixed length control field 00466nam a22001577a 4500
003 - CONTROL NUMBER IDENTIFIER
control field IT-RoPau
005 - DATE AND TIME OF LATEST TRANSACTION
control field 20220918175939.0
008 - FIXED-LENGTH DATA ELEMENTS--GENERAL INFORMATION
fixed length control field 130129b xxu||||| |||| 00| 0 eng d
040 ## - CATALOGING SOURCE
Transcribing agency IT-RoPau
245 ## - TITLE STATEMENT
Title Solenne celebrazione eucaristica
Remainder of title Quarentesimo anniversario della morte di Maestra Tecla collaboratrice fedele e sapiente del Beato Giacomo Alberione
250 ## - EDITION STATEMENT
Edition statement I
260 ## - PUBLICATION, DISTRIBUTION, ETC. (IMPRINT)
Place of publication, distribution, etc. Roma
Date of publication, distribution, etc. 2004
300 ## - PHYSICAL DESCRIPTION
Extent 8,2 p.
Dimensions 21 cm
490 ## - SERIES STATEMENT
Volume/sequential designation I
942 ## - ADDED ENTRY ELEMENTS (KOHA)
Source of classification or shelving scheme Dewey Decimal Classification
Koha item type LIBRO
Dati di copia
Withdrawn status Lost status Source of classification or shelving scheme Damaged status Not for loan Home library Current library Date acquired Total Checkouts Full call number Date last seen Price effective from Koha item type
    Dewey Decimal Classification Buone Condizioni Not For Loan PAULUS-BIBLIOTECA PAULUS-BIBLIOTECA 29/01/2013   PB 4 29/01/2013 29/01/2013 LIBRO
    Dewey Decimal Classification Buone Condizioni Not For Loan PAULUS-BIBLIOTECA PAULUS-BIBLIOTECA 25/05/2013   P D1 25/05/2013 25/05/2013 LIBRO
    Dewey Decimal Classification Buone Condizioni Not For Loan PAULUS-BIBLIOTECA PAULUS-BIBLIOTECA 25/05/2013   P D1 25/05/2013 25/05/2013 LIBRO
CREDITS: SOCIETA' SAN PAOLO Via A.Severo, 58 - ROMA (RM) & PERIODICI SAN PAOLO SRL Via Giotto, 36 MILANO & CISF Via Giotto, 36 MILANO & EDIZIONI SAN PAOLO SRL,  Piazza Soncino, 5 CINISELLO BALSAMO (MI) -- ITALY